[Event "3MCR_4D_2LA_1S"]
[Site "?"]
[Date "1999.??.??"]
[Round "1"]
[White "Smolka, Josef"]
[Black "Lasek, Milos"]
[Result "1/2-1/2"]
[WhiteElo "2275"]
[BlackElo "1800"]
[PlyCount "71"]
[EventDate "1999.??.??"]
[EventType "corr"]

1. e4 e5 2. Nf3 Nc6 3. Bb5 a6 4. Ba4 Nf6 5. O-O Be7 6. Re1 b5 7. Bb3 d6 8. c3
O-O 9. h3 Bb7 10. d4 Re8 11. Nbd2 Bf8 12. a4 h6 13. Bc2 exd4 14. cxd4 Nb4 15.
Bb1 c5 16. d5 Nd7 17. Ra3 f5 18. Nh2 Nf6 19. Rf3 Re5 20. Rxf5 Rxf5 21. exf5
Bxd5 22. Ng4 Nxg4 23. Qxg4 Qg5 24. Qxg5 hxg5 25. Ne4 Bb3 26. axb5 axb5 27. Nxg5
Bc2 28. Bxc2 Nxc2 29. Rd1 Ra1 30. Kf1 Nd4 31. Ke1 Nxf5 32. Ne6 Kf7 33. Nxf8
Kxf8 34. Ke2 Nd4+ 35. Kd3 Kf7 36. h4 1/2-1/2

[Event "3MCR_4D_2LA_1S"]
[Site "?"]
[Date "1999.??.??"]
[Round "1"]
[White "Satransky, Jaroslav"]
[Black "Smolka, Josef"]
[Result "1/2-1/2"]
[WhiteElo "2195"]
[BlackElo "2275"]
[PlyCount "68"]
[EventDate "1999.??.??"]
[EventType "corr"]

1. e4 c5 2. Nf3 e6 3. d4 cxd4 4. Nxd4 a6 5. Bd3 Nf6 6. O-O d6 7. f4 Be7 8. Kh1
Qc7 9. Nc3 Nbd7 10. Qf3 Nc5 11. Be3 b5 12. a3 Bb7 13. Rac1 O-O 14. f5 e5 15.
Nde2 d5 16. Nxd5 Bxd5 17. Bxc5 Qxc5 18. exd5 Qxd5 19. Nc3 Qxf3 20. Rxf3 Rfd8
21. Re1 Rac8 22. Ne4 Nd5 23. g3 f6 24. Kg2 Nb6 25. c3 Na4 26. Re2 Nb6 27. Bc2
Kf8 28. Rd3 Rxd3 29. Bxd3 g6 30. Nf2 Kg7 31. Be4 Rc7 32. h4 Nc4 33. g4 Rd7 34.
Nd3 Nb6 1/2-1/2

[Event "3MCR_4D_2LA_1S"]
[Site "?"]
[Date "1999.??.??"]
[Round "1"]
[White "Strnad, Martin"]
[Black "Satransky, Jaroslav"]
[Result "1/2-1/2"]
[WhiteElo "1975"]
[BlackElo "2195"]
[PlyCount "105"]
[EventDate "1999.??.??"]
[EventType "corr"]

1. e4 e5 2. Nf3 Nc6 3. Nc3 Nf6 4. Bb5 Nd4 5. Nxd4 exd4 6. e5 dxc3 7. exf6 Qxf6
8. dxc3 Qe5+ 9. Qe2 Qxe2+ 10. Bxe2 Bc5 11. Bf3 O-O 12. O-O c6 13. c4 d6 14. Bf4
Be6 15. b3 Rad8 16. c3 d5 17. cxd5 Bxd5 18. Bxd5 Rxd5 19. Rfd1 Rfd8 20. Rxd5
Rxd5 21. Re1 Kf8 22. Kf1 b5 23. Re5 Rxe5 24. Bxe5 a6 25. f4 f6 26. Bb8 Ke7 27.
g4 g6 28. Ke2 Kd7 29. b4 Be7 30. Kd3 c5 31. bxc5 Bxc5 32. f5 gxf5 33. gxf5 Bd6
34. Bxd6 Kxd6 35. Kd4 h5 36. h4 a5 37. a3 Kc6 38. c4 b4 39. a4 Kd6 40. c5+ Kc7
41. Kd3 Kc6 42. Kc4 b3 43. Kxb3 Kxc5 44. Kc3 Kd5 45. Kd3 Ke5 46. Kc4 Kxf5 47.
Kb5 Kg4 48. Kxa5 f5 49. Kb4 f4 50. a5 f3 51. a6 f2 52. a7 f1=Q 53. a8=Q 1/2-1/2

[Event "3MCR_4D_2LA_1S"]
[Site "?"]
[Date "1999.??.??"]
[Round "1"]
[White "Strnad, Martin"]
[Black "Marek, Jan"]
[Result "0-1"]
[WhiteElo "1975"]
[BlackElo "2085"]
[PlyCount "90"]
[EventDate "1999.??.??"]
[EventType "corr"]

1. e4 e6 2. d4 d5 3. e5 c5 4. c3 Nc6 5. Nf3 Qb6 6. Be2 cxd4 7. cxd4 Nge7 8. Nc3
Nf5 9. Na4 Bb4+ 10. Bd2 Qa5 11. Bc3 Bd7 12. a3 Bxc3+ 13. Nxc3 b5 14. O-O Qb6
15. Nxb5 Nxe5 16. Nc7+ Qxc7 17. Nxe5 Qb6 18. Nxd7 Kxd7 19. Qa4+ Ke7 20. Rfd1
Rhc8 21. Rab1 Rc7 22. b3 Rc3 23. h3 Rb8 24. Bg4 Nd6 25. Be2 Ne4 26. Bd3 Rb7 27.
Bxe4 dxe4 28. Rdc1 Rbc7 29. Re1 f5 30. Qb4+ Qxb4 31. axb4 Rb7 32. Rec1 Rxc1+
33. Rxc1 Rxb4 34. Rc7+ Kf6 35. Rxa7 Rxd4 36. g3 Rb4 37. Ra3 h5 38. Kf1 g5 39.
Ke2 h4 40. gxh4 gxh4 41. Ke1 Kg5 42. Kf1 Kf4 43. Ke2 e5 44. Kd2 Kf3 45. Kc3 Rb8
0-1

[Event "3MCR_4D_2LA_1S"]
[Site "?"]
[Date "1999.??.??"]
[Round "1"]
[White "Slavik, Libor"]
[Black "Humlicek, Vojtech"]
[Result "0-1"]
[WhiteElo "2000"]
[BlackElo "2295"]
[PlyCount "97"]
[EventDate "1999.??.??"]
[EventType "corr"]

1. e4 c5 2. f4 Nc6 3. Nf3 e6 4. Bb5 Nge7 5. O-O a6 6. Bxc6 Nxc6 7. d3 d5 8. c4
d4 9. Nbd2 Bd6 10. e5 Be7 11. Ne4 O-O 12. g4 b6 13. h4 Bb7 14. g5 b5 15. b3 Nb4
16. a3 Bxe4 17. dxe4 Nc6 18. Ra2 bxc4 19. bxc4 Rb8 20. f5 Re8 21. h5 exf5 22.
exf5 Bf8 23. Bf4 Rb6 24. Qd3 Qc8 25. Rg2 Ne7 26. Nh4 g6 27. f6 Nf5 28. hxg6
hxg6 29. Nxf5 Qxf5 30. Qxf5 gxf5 31. Rf3 Rb1+ 32. Kh2 a5 33. Rh3 Rf1 34. Rh4
Rb8 35. Bd2 Rbb1 36. Rf4 Rh1+ 37. Kg3 Rb3+ 38. Rf3 a4 39. Ba5 Rc1 40. g6 fxg6
41. Rxb3 axb3 42. e6 g5 43. e7 Bxe7 44. fxe7 Kf7 45. e8=Q+ Kxe8 46. Rb2 Rxc4
47. Rxb3 Kd7 48. Bd2 f4+ 49. Bxf4 0-1

[Event "3MCR_4D_2LA_1S"]
[Site "?"]
[Date "1999.??.??"]
[Round "1"]
[White "Kupsovsky, Vaclav"]
[Black "Satransky, Jaroslav"]
[Result "1-0"]
[WhiteElo "2200"]
[BlackElo "2195"]
[PlyCount "78"]
[EventDate "1999.??.??"]
[EventType "corr"]

1. f4 e5 2. fxe5 d6 3. exd6 Bxd6 4. Nf3 g5 5. g3 g4 6. Nh4 Ne7 7. d4 Ng6 8. Ng2
Nc6 9. c3 h5 10. e4 h4 11. e5 hxg3 12. exd6 Qxd6 13. Qe2+ Nce7 14. Nd2 f5 15.
Nc4 Qd5 16. Ne5 Nxe5 17. Qxe5 Qxe5+ 18. dxe5 Rxh2 19. Rg1 Ng6 20. Nf4 Nxe5 21.
Be2 Bd7 22. Be3 O-O-O 23. O-O-O Re8 24. Bd2 Bc6 25. Rxg3 Nf3 26. Bd3 Be4 27.
Bxe4 Rxe4 28. Rg2 Rh7 29. Re2 Rxe2 30. Nxe2 Kd7 31. Bf4+ Ke6 32. Ng3 Rf7 33.
Rh1 b5 34. Rh8 Ng1 35. Re8+ Kd7 36. Re5 Nh3 37. Ne2 c6 38. Kd2 Nxf4 39. Nxf4
Rf6 1-0

[Event "3MCR_4D_2LA_1S"]
[Site "?"]
[Date "1999.??.??"]
[Round "1"]
[White "Smolka, Josef"]
[Black "Rybak, Milan"]
[Result "1/2-1/2"]
[WhiteElo "2275"]
[BlackElo "2200"]
[PlyCount "79"]
[EventDate "1999.??.??"]
[EventType "corr"]

1. e4 e5 2. Nf3 Nc6 3. Bb5 f5 4. Nc3 fxe4 5. Nxe4 Nf6 6. Qe2 d5 7. Nxf6+ gxf6
8. d4 Bg7 9. dxe5 O-O 10. Bxc6 bxc6 11. e6 Re8 12. O-O c5 13. Qb5 Bf8 14. Bf4
Bxe6 15. b3 Bd6 16. Bg3 Qd7 17. Qd3 Bf8 18. Rad1 Rad8 19. Nh4 a5 20. a4 d4 21.
Rfe1 c4 22. bxc4 c5 23. Ra1 Qf7 24. Qd2 Bxc4 25. Qxa5 Ra8 26. Qd2 Rxe1+ 27.
Qxe1 Re8 28. Qd1 Re2 29. Nf3 Ba6 30. Bf4 Qg6 31. Bd2 Re7 32. a5 Rg7 33. Ne1 Qe4
34. Qf3 Qxf3 35. Nxf3 Rb7 36. h3 Bd6 37. g4 h5 38. g5 fxg5 39. Bxg5 Kf7 40. Ne1
1/2-1/2

[Event "3MCR_4D_2LA_2S"]
[Site "?"]
[Date "1999.??.??"]
[Round "2"]
[White "Jirkovsky, Tomas"]
[Black "Rybak, Radek"]
[Result "1/2-1/2"]
[WhiteElo "2045"]
[BlackElo "2200"]
[PlyCount "64"]
[EventDate "1999.??.??"]
[EventType "corr"]

1. e4 e5 2. Nf3 Nc6 3. d4 exd4 4. Nxd4 Qf6 5. Be3 Bc5 6. c3 Nge7 7. Bc4 Ne5 8.
Be2 Qg6 9. O-O d6 10. f3 O-O 11. Nd2 d5 12. Kh1 dxe4 13. fxe4 Bg4 14. Bf4 Bxe2
15. Qxe2 Bd6 16. Bxe5 Bxe5 17. N2f3 Bxd4 18. cxd4 c6 19. Rae1 Rad8 20. Qc4 Qe6
21. Qxe6 fxe6 22. Ng5 Rxf1+ 23. Rxf1 h6 24. Nxe6 Rd6 25. Rf8+ Kh7 26. Nc5 Rxd4
27. h3 b6 28. Rf7 Ng8 29. Ne6 Rxe4 30. Nf8+ Kh8 31. Ng6+ Kh7 32. Nf8+ Kh8
1/2-1/2

[Event "3MCR_4D_2LA_2S"]
[Site "?"]
[Date "1999.??.??"]
[Round "2"]
[White "Jirku, Jaroslav"]
[Black "Absolon, Vaclav"]
[Result "1-0"]
[WhiteElo "2230"]
[BlackElo "1870"]
[PlyCount "43"]
[EventDate "1999.??.??"]
[EventType "corr"]

1. e4 e5 2. Nf3 Nc6 3. Bb5 a6 4. Ba4 Nf6 5. O-O Be7 6. Re1 b5 7. Bb3 O-O 8. c3
d5 9. exd5 Nxd5 10. Nxe5 Nxe5 11. Rxe5 Nf6 12. d4 Bd6 13. Re2 Nh5 14. Qd3 Bg4
15. Re1 Re8 16. Rxe8+ Qxe8 17. Be3 Nf4 18. Bxf4 Bxf4 19. Nd2 c5 20. dxc5 Bxd2
21. Qxd2 Qe5 22. h3 1-0

[Event "3MCR_4D_2LA_2S"]
[Site "?"]
[Date "1999.??.??"]
[Round "2"]
[White "Bezpalec, Vratislav"]
[Black "Rybak, Radek"]
[Result "0-1"]
[WhiteElo "2140"]
[BlackElo "2200"]
[PlyCount "46"]
[EventDate "1999.??.??"]
[EventType "corr"]

1. c4 e6 2. d4 d5 3. Nc3 Nf6 4. Nf3 Be7 5. Bg5 O-O 6. e3 h6 7. Bh4 b6 8. cxd5
Nxd5 9. Bxe7 Qxe7 10. Nxd5 exd5 11. Rc1 Be6 12. Qa4 c5 13. Qa3 Rc8 14. Bb5 Qb7
15. dxc5 bxc5 16. Rxc5 Rxc5 17. Qxc5 Na6 18. Bxa6 Qxa6 19. Qb4 Rc8 20. Kd2 Bf5
21. Ne1 d4 22. Qxd4 Rc6 23. h3 Rd6 0-1

[Event "3MCR_4D_2LA_2S"]
[Site "?"]
[Date "1999.??.??"]
[Round "2"]
[White "Minovsky, Roman"]
[Black "Fuka, Miroslav"]
[Result "1-0"]
[WhiteElo "2020"]
[BlackElo "2160"]
[PlyCount "47"]
[EventDate "1999.??.??"]
[EventType "corr"]

1. c4 Nf6 2. Nc3 e6 3. d4 Bb4 4. Qc2 c5 5. dxc5 Bxc5 6. Nf3 d5 7. Bg5 Qb6 8. e3
Ne4 9. cxd5 Nxc3 10. bxc3 exd5 11. Rb1 Qc7 12. Bf4 Qe7 13. Bb5+ Nc6 14. Rd1 Be6
15. Ne5 O-O 16. Nxc6 bxc6 17. Bxc6 Rac8 18. Bxd5 Bb4 19. O-O Rxc3 20. Qb2 Qc5
21. Bxe6 fxe6 22. Bd6 Ba3 23. Bxc5 Bxb2 24. Bxf8 1-0

[Event "3MCR_4D_2LA_2S"]
[Site "?"]
[Date "1999.??.??"]
[Round "2"]
[White "Minovsky, Roman"]
[Black "Bezpalec, Vratislav"]
[Result "1-0"]
[WhiteElo "2020"]
[BlackElo "2140"]
[PlyCount "45"]
[EventDate "1999.??.??"]
[EventType "corr"]

1. e4 e6 2. d4 d5 3. Nd2 Nf6 4. e5 Nfd7 5. f4 c5 6. c3 Nc6 7. Ndf3 cxd4 8. cxd4
Qb6 9. g3 Bb4+ 10. Kf2 g5 11. Be3 f6 12. Bh3 fxe5 13. fxe5 Rf8 14. Bg4 Be7 15.
Qb1 Nxd4 16. Kg2 Bc5 17. Bxg5 Be7 18. Bxe7 Kxe7 19. Qxh7+ Kd8 20. Rd1 Nf5 21.
Bxf5 Rxf5 22. b3 Nc5 23. Qg8+ 1-0

[Event "3MCR_4D_2LA_2S"]
[Site "?"]
[Date "1999.??.??"]
[Round "2"]
[White "Minovsky, Roman"]
[Black "Hnilicka, Michal"]
[Result "1/2-1/2"]
[WhiteElo "2020"]
[BlackElo "1995"]
[PlyCount "40"]
[EventDate "1999.??.??"]
[EventType "corr"]

1. c4 Nf6 2. Nc3 e6 3. d4 Bb4 4. Qc2 O-O 5. a3 Bxc3+ 6. Qxc3 b6 7. Bg5 Bb7 8.
e3 d6 9. f3 Nbd7 10. Nh3 c5 11. dxc5 bxc5 12. Be2 a5 13. Rd1 h6 14. Bf4 e5 15.
Bg3 Qb6 16. e4 Rfb8 17. O-O Nf8 18. Bh4 Qd8 19. Qd3 Ra6 20. f4 Qe7 1/2-1/2

[Event "3MCR_4D_2LA_2S"]
[Site "?"]
[Date "1999.??.??"]
[Round "2"]
[White "Konicek, Petr I"]
[Black "Rybak, Radek"]
[Result "0-1"]
[WhiteElo "1800"]
[BlackElo "2200"]
[PlyCount "56"]
[EventDate "1999.??.??"]
[EventType "corr"]

1. e4 e5 2. Nf3 Nc6 3. Bc4 Nf6 4. d3 d5 5. exd5 Nxd5 6. O-O Bc5 7. Re1 O-O 8.
Nxe5 Qh4 9. Qf3 Nf6 10. Nxc6 Ng4 11. d4 Qxh2+ 12. Kf1 Bd6 13. Ne7+ Bxe7 14.
Rxe7 Qh1+ 15. Ke2 Nf6 16. Qe3 Bg4+ 17. Kd2 b5 18. Bb3 c5 19. c3 Rae8 20. Qe1
Qxg2 21. Bxf7+ Rxf7 22. Rxe8+ Nxe8 23. Kc2 Rxf2+ 24. Bd2 Bf5+ 25. Kb3 Qg6 26.
dxc5 Bc2+ 27. Kb4 Qg4+ 28. Ka5 Qa4# 0-1

[Event "3MCR_4D_2LA_2S"]
[Site "?"]
[Date "1999.??.??"]
[Round "2"]
[White "Efler, David"]
[Black "Fuka, Miroslav"]
[Result "1-0"]
[WhiteElo "2200"]
[BlackElo "2160"]
[PlyCount "51"]
[EventDate "1999.??.??"]
[EventType "corr"]

1. e4 e5 2. Nf3 Nc6 3. Bb5 a6 4. Ba4 Nf6 5. O-O Be7 6. Re1 b5 7. Bb3 O-O 8. a4
Bb7 9. d3 d6 10. c3 b4 11. Nbd2 bxc3 12. bxc3 Na5 13. Ba2 c5 14. Ba3 Qc7 15.
Rb1 Rab8 16. d4 exd4 17. cxd4 c4 18. Rc1 Qd7 19. d5 Rfc8 20. Nxc4 Nxc4 21. Bxc4
Qg4 22. h3 Qf4 23. Bd3 Qh6 24. Rxc8+ Bxc8 25. e5 Rb6 26. exf6 1-0

[Event "3MCR_4D_2LA_2S"]
[Site "?"]
[Date "1999.??.??"]
[Round "2"]
[White "Fuka, Miroslav"]
[Black "Slavik, Jan"]
[Result "0-1"]
[WhiteElo "2160"]
[BlackElo "1800"]
[PlyCount "50"]
[EventDate "1999.??.??"]
[EventType "corr"]

1. e4 e5 2. f4 exf4 3. Bc4 Nf6 4. Qe2 Bc5 5. Nf3 Nc6 6. d3 O-O 7. Nc3 Nd4 8.
Nxd4 Bxd4 9. Kf1 Be5 10. Bd2 d6 11. Qf2 Ng4 12. Qf3 Ne3+ 13. Bxe3 fxe3 14. Ke2
Bxc3 15. bxc3 Qg5 16. h4 Qa5 17. Qxe3 Qxc3 18. Rac1 Bg4+ 19. Kf1 Be6 20. Bb3 a5
21. a4 Bxb3 22. cxb3 Qxb3 23. Rxc7 Qxa4 24. Rh3 Qa1+ 25. Rc1 Qb2 0-1

[Event "3MCR_4D_2LA_2S"]
[Site "?"]
[Date "1999.??.??"]
[Round "2"]
[White "Konicek, Petr I"]
[Black "Liska, Karel"]
[Result "1-0"]
[WhiteElo "1800"]
[BlackElo "2215"]
[PlyCount "35"]
[EventDate "1999.??.??"]
[EventType "corr"]

1. e4 c5 2. Nf3 Nc6 3. d4 cxd4 4. Nxd4 Nf6 5. Nc3 e5 6. Ndb5 d6 7. a4 a6 8. Na3
Be6 9. Bg5 Rc8 10. Bxf6 Qxf6 11. Bc4 Qg6 12. O-O Nd4 13. Qd3 Be7 14. Nd5 Bg4
15. f3 Bh3 16. Qd2 Bd8 17. c3 O-O 18. cxd4 1-0

[Event "3MCR_4D_2LA_2S"]
[Site "?"]
[Date "1999.??.??"]
[Round "2"]
[White "Rybak, Radek"]
[Black "Absolon, Vaclav"]
[Result "1-0"]
[WhiteElo "2200"]
[BlackElo "1870"]
[PlyCount "49"]
[EventDate "1999.??.??"]
[EventType "corr"]

1. e4 e6 2. d4 d5 3. Nd2 Nf6 4. e5 Nfd7 5. Bd3 c5 6. c3 Nc6 7. Ne2 cxd4 8. cxd4
f6 9. exf6 Nxf6 10. O-O Bd6 11. f4 Qb6 12. Nf3 e5 13. fxe5 Bxe5 14. Kh1 Bd6 15.
Nc3 O-O 16. Bg5 Qxb2 17. Bxf6 Qxc3 18. Ng5 gxf6 19. Bxh7+ Kg7 20. Qh5 Ne7 21.
Be4 f5 22. Qh7+ Kf6 23. Qh6+ Ng6 24. Nh7+ Ke7 25. Qg5+ 1-0

[Event "3MCR_4D_2LA_2S"]
[Site "?"]
[Date "1999.??.??"]
[Round "2"]
[White "Hnilicka, Michal"]
[Black "Efler, David"]
[Result "1-0"]
[WhiteElo "1995"]
[BlackElo "2200"]
[PlyCount "27"]
[EventDate "1999.??.??"]
[EventType "corr"]

1. e4 c5 2. Nf3 e6 3. d4 cxd4 4. Nxd4 a6 5. Nc3 Qc7 6. f4 b5 7. a3 a5 8. Ncxb5
Qb6 9. Be3 Bc5 10. Nxe6 dxe6 11. Bxc5 Qxc5 12. Qd6 Qe3+ 13. Be2 f6 14. f5 1-0

[Event "3MCR_4D_2LA_2S"]
[Site "?"]
[Date "1999.??.??"]
[Round "2"]
[White "Rybak, Radek"]
[Black "Hnilicka, Michal"]
[Result "1/2-1/2"]
[WhiteElo "2200"]
[BlackElo "1995"]
[PlyCount "55"]
[EventDate "1999.??.??"]
[EventType "corr"]

1. e4 e5 2. Nf3 Nf6 3. Bc4 Nxe4 4. Nc3 Nxc3 5. dxc3 f6 6. Nh4 g6 7. f4 c6 8. f5
d5 9. fxg6 dxc4 10. Qh5 Kd7 11. g7 Bxg7 12. Qg4+ Kd6 13. Qxg7 Qf8 14. Qg3 Kc7
15. Rf1 Rg8 16. Qf3 Be6 17. Qxf6 Qxf6 18. Rxf6 Bd5 19. Rf2 Nd7 20. Bh6 Nc5 21.
O-O-O Rae8 22. Re1 Ne4 23. Rf5 b5 24. Re2 a5 25. Nf3 Nd6 26. Rfxe5 Rxe5 27.
Nxe5 Bxg2 28. Bf4 1/2-1/2

[Event "3MCR_4D_2LA_2S"]
[Site "?"]
[Date "1999.??.??"]
[Round "2"]
[White "Cihal, Jan"]
[Black "Rybak, Radek"]
[Result "0-1"]
[WhiteElo "2000"]
[BlackElo "2200"]
[PlyCount "48"]
[EventDate "1999.??.??"]
[EventType "corr"]

1. e4 e5 2. Nf3 Nc6 3. d4 exd4 4. Nxd4 Qf6 5. Be3 Bc5 6. c3 Nge7 7. Bc4 Ne5 8.
Be2 Qg6 9. Nb5 Bxe3 10. Nxc7+ Kd8 11. Nxa8 Qxg2 12. Rf1 Bf4 13. Nd2 b6 14. Nf3
Bb7 15. Nxe5 Bxe5 16. f4 Bb8 17. Nxb6 axb6 18. Qd4 Qxe4 19. Qxg7 Re8 20. Qf6
Kc8 21. Qd4 Qxd4 22. cxd4 Nd5 23. Kf2 Bxf4 24. Bh5 Be3+ 0-1

[Event "3MCR_4D_2LA_2S"]
[Site "?"]
[Date "1999.??.??"]
[Round "2"]
[White "Rybak, Radek"]
[Black "Minovsky, Roman"]
[Result "1-0"]
[WhiteElo "2200"]
[BlackElo "2020"]
[PlyCount "47"]
[EventDate "1999.??.??"]
[EventType "corr"]

1. e4 e5 2. Nf3 Nc6 3. Bc4 Bc5 4. c3 Nf6 5. d3 d6 6. O-O Bb6 7. Bb3 O-O 8. Nbd2
Ne7 9. Nc4 Be6 10. Bg5 Bg4 11. Bxf6 gxf6 12. h3 Bh5 13. g4 Bg6 14. Nxb6 axb6
15. Nh4 Kg7 16. f4 exf4 17. Qf3 Re8 18. Ng2 Nc6 19. Nxf4 Ne5 20. Qg3 Nd7 21.
Rf2 Nc5 22. Raf1 Nxb3 23. axb3 Re5 24. Nd5 1-0

[Event "3MCR_4D_2LA_2S"]
[Site "?"]
[Date "1999.??.??"]
[Round "2"]
[White "Bezpalec, Vratislav"]
[Black "Nemecek, Pavel"]
[Result "1/2-1/2"]
[WhiteElo "2140"]
[BlackElo "2200"]
[PlyCount "46"]
[EventDate "1999.??.??"]
[EventType "corr"]

1. c4 e5 2. Nc3 Nf6 3. Nf3 Nc6 4. g3 Bb4 5. Bg2 O-O 6. O-O e4 7. Ng5 Bxc3 8.
bxc3 Re8 9. Qc2 Qe7 10. d3 exd3 11. exd3 d6 12. Ne4 Nxe4 13. Bxe4 Bh3 14. Re1
Bf5 15. Bf4 Qd7 16. Bg2 Ne5 17. Bxe5 dxe5 18. Qb3 Rab8 19. d4 exd4 20. Rxe8+
Rxe8 21. cxd4 Qxd4 22. Rd1 Qb6 23. Bxb7 Bg4 1/2-1/2

[Event "3MCR_4D_2LA_2S"]
[Site "?"]
[Date "1999.??.??"]
[Round "2"]
[White "Rybak, Radek"]
[Black "Fuka, Miroslav"]
[Result "1-0"]
[WhiteElo "2200"]
[BlackElo "2160"]
[PlyCount "45"]
[EventDate "1999.??.??"]
[EventType "corr"]

1. e4 c5 2. c3 a6 3. d4 cxd4 4. cxd4 d5 5. exd5 Nf6 6. Nf3 Nxd5 7. Nc3 e6 8.
Bd3 Be7 9. O-O Nc6 10. Re1 O-O 11. a3 g6 12. Bh6 Re8 13. h4 Nf6 14. Bc4 Ng4 15.
Bg5 b5 16. Ba2 h6 17. Bf4 Bd7 18. d5 Qb6 19. dxe6 Bxe6 20. Bxe6 fxe6 21. Qc2
Kf7 22. Rxe6 Kxe6 23. Qxg6+ 1-0

[Event "3MCR_4D_2LA_2S"]
[Site "?"]
[Date "1999.??.??"]
[Round "2"]
[White "Minovsky, Roman"]
[Black "Slavik, Jan"]
[Result "1/2-1/2"]
[WhiteElo "2020"]
[BlackElo "1800"]
[PlyCount "46"]
[EventDate "1999.??.??"]
[EventType "corr"]

1. c4 e5 2. Nc3 Nf6 3. Nf3 Nc6 4. g3 d5 5. cxd5 Nxd5 6. Bg2 Nb6 7. O-O Be7 8.
a3 O-O 9. b4 Be6 10. Rb1 a6 11. d3 f5 12. Bb2 Bf6 13. Nd2 Nd5 14. Na4 Bf7 15.
Rc1 Qc8 16. e4 fxe4 17. dxe4 Nde7 18. f4 Rd8 19. Nc5 b6 20. Ncb3 Qe6 21. Qf3
exf4 22. Bxf6 Qxf6 23. Qxf4 Qxf4 1/2-1/2

[Event "3MCR_4D_2LA_2S"]
[Site "?"]
[Date "1999.??.??"]
[Round "2"]
[White "Rybak, Radek"]
[Black "Liska, Karel"]
[Result "1-0"]
[WhiteElo "2200"]
[BlackElo "2215"]
[PlyCount "53"]
[EventDate "1999.??.??"]
[EventType "corr"]

1. e4 e5 2. Nf3 Nc6 3. Bc4 Nf6 4. d4 exd4 5. e5 d5 6. Bb5 Ne4 7. Nxd4 Bd7 8.
Bxc6 bxc6 9. O-O Bc5 10. f3 Ng5 11. f4 Ne4 12. Be3 Qe7 13. Nd2 Nxd2 14. Qxd2
O-O 15. Rae1 Bxd4 16. Qxd4 Bf5 17. Qc3 Qe6 18. Bc5 Rfd8 19. Re3 d4 20. Bxd4
Qxa2 21. e6 fxe6 22. Bxg7 Qd5 23. Rg3 Bg6 24. h4 Rd7 25. Be5 Kf8 26. h5 Bf5 27.
Bd6+ 1-0

[Event "3MCR_4D_2LA_2S"]
[Site "?"]
[Date "1999.??.??"]
[Round "2"]
[White "Liska, Karel"]
[Black "Minovsky, Roman"]
[Result "1-0"]
[WhiteElo "2215"]
[BlackElo "2020"]
[PlyCount "67"]
[EventDate "1999.??.??"]
[EventType "corr"]

1. e4 e5 2. Nf3 Nc6 3. Bb5 a6 4. Ba4 Nf6 5. O-O Be7 6. Re1 b5 7. Bb3 d6 8. c3
O-O 9. h3 Be6 10. d4 Bxb3 11. axb3 exd4 12. cxd4 d5 13. e5 Ne4 14. Nc3 f5 15.
exf6 Bxf6 16. Nxe4 dxe4 17. Rxe4 Qd5 18. Rg4 h5 19. Rf4 Nb4 20. Be3 Rad8 21.
Qd2 c5 22. Qc3 Rc8 23. Rxf6 Rxf6 24. dxc5 Nc6 25. Rxa6 Nd4 26. Nxd4 Rxa6 27.
Nxb5 Rg6 28. Qc4 Rxg2+ 29. Kf1 Qxc4+ 30. bxc4 Rh2 31. Na7 Rf8 32. c6 Rxh3 33.
Bc5 Rf7 34. b4 1-0

[Event "3MCR_4D_2LA_2S"]
[Site "?"]
[Date "1999.??.??"]
[Round "2"]
[White "Cihal, Jan"]
[Black "Liska, Karel"]
[Result "0-1"]
[WhiteElo "2000"]
[BlackElo "2215"]
[PlyCount "70"]
[EventDate "1999.??.??"]
[EventType "corr"]

1. e4 e5 2. Nf3 Nc6 3. d4 exd4 4. Nxd4 Bc5 5. Be3 Qf6 6. c3 Nge7 7. Bc4 Ne5 8.
Be2 Qg6 9. Nb5 Bxe3 10. Nxc7+ Kd8 11. Nxa8 Qxg2 12. Rf1 Bf4 13. Nd2 b6 14. Nf3
Bb7 15. Nxe5 Bxe5 16. f4 Bb8 17. Nxb6 axb6 18. Qd4 Qxe4 19. Qxg7 Rg8 20. Qf6
Rg2 21. Qxb6+ Bc7 22. Qb5 Nd5 23. Rd1 Bc6 24. Qc4 Ne3 25. Qxe4 Bxe4 26. Rf2
Nxd1 27. Bxd1 Rxf2 28. Kxf2 Bxf4 29. h3 Bc1 30. b3 Ba3 31. b4 Bd5 32. Bb3 Bxb3
33. axb3 Bxb4 34. c4 Ke7 35. Kf3 f5 0-1

[Event "3MCR_4D_2LA_2S"]
[Site "?"]
[Date "1999.??.??"]
[Round "2"]
[White "Cihal, Jan"]
[Black "Konicek, Petr I"]
[Result "1-0"]
[WhiteElo "2000"]
[BlackElo "1800"]
[PlyCount "47"]
[EventDate "1999.??.??"]
[EventType "corr"]

1. e4 e6 2. d4 d5 3. Nc3 Nf6 4. Bg5 Be7 5. e5 Nfd7 6. Bxe7 Qxe7 7. Qd2 O-O 8.
f4 c5 9. Nf3 Nc6 10. dxc5 Nxc5 11. O-O-O f6 12. exf6 Rxf6 13. g4 Qd6 14. f5 Ne7
15. Ng5 exf5 16. Nxd5 Nxd5 17. Qxd5+ Qxd5 18. Rxd5 Ne6 19. Bc4 Kh8 20. gxf5 Nf8
21. Rd8 g6 22. Re1 b5 23. Bb3 Rb8 24. Ree8 1-0

[Event "3MCR_4D_2LA_2S"]
[Site "?"]
[Date "1999.??.??"]
[Round "2"]
[White "Absolon, Vaclav"]
[Black "Konicek, Petr I"]
[Result "1-0"]
[WhiteElo "1870"]
[BlackElo "1800"]
[PlyCount "65"]
[EventDate "1999.??.??"]
[EventType "corr"]

1. e4 e6 2. d4 d5 3. Nc3 Nf6 4. Bg5 Be7 5. e5 Nfd7 6. Bxe7 Qxe7 7. f4 O-O 8.
Nf3 c5 9. Qd2 Nc6 10. dxc5 Qxc5 11. O-O-O Nb6 12. Bd3 Nc4 13. Bxc4 Qxc4 14.
Rhe1 f6 15. g3 Bd7 16. Qe3 b5 17. exf6 Rxf6 18. Nd2 Qb4 19. a3 Qa5 20. Nb3 Qb6
21. Qxb6 axb6 22. Nxb5 Ne7 23. N3d4 Rc8 24. Nc3 h6 25. Nf3 g5 26. Ne5 Bc6 27.
Ne2 Nf5 28. b3 Kf8 29. fxg5 hxg5 30. Ng4 Rg6 31. a4 Bb7 32. Nd4 Re8 33. Rf1 1-0

[Event "3MCR_4D_2LA_2S"]
[Site "?"]
[Date "1999.??.??"]
[Round "2"]
[White "Bezpalec, Vratislav"]
[Black "Konicek, Petr I"]
[Result "0-1"]
[WhiteElo "2140"]
[BlackElo "1800"]
[PlyCount "62"]
[EventDate "1999.??.??"]
[EventType "corr"]

1. c4 e5 2. Nc3 Nf6 3. Nf3 Nc6 4. g3 d5 5. cxd5 Nxd5 6. d3 Bb4 7. Bd2 Be6 8.
Bg2 O-O 9. O-O f6 10. e4 Nde7 11. Be3 Qd7 12. d4 exd4 13. Nxd4 Nxd4 14. Bxd4
Nc6 15. Be3 Rad8 16. Nd5 Bd6 17. f4 Ne7 18. Nc3 Bc4 19. Rf2 Qe6 20. Rd2 b6 21.
Bf2 c6 22. b3 Ba6 23. Rc1 Rd7 24. Qc2 Rfd8 25. Rcd1 h6 26. h4 Bb4 27. Bf1 Rxd2
28. Rxd2 Rxd2 29. Qxd2 Bxf1 30. Kxf1 Bxc3 31. Qxc3 Qxe4 0-1

[Event "3MCR_4D_2LA_2S"]
[Site "?"]
[Date "1999.??.??"]
[Round "2"]
[White "Hnilicka, Michal"]
[Black "Jirkovsky, Tomas"]
[Result "1-0"]
[WhiteElo "1995"]
[BlackElo "2045"]
[PlyCount "61"]
[EventDate "1999.??.??"]
[EventType "corr"]

1. e4 c6 2. d4 d5 3. Nc3 dxe4 4. Nxe4 Nd7 5. Bd3 Ngf6 6. Ng5 e6 7. N1f3 h6 8.
Nxe6 fxe6 9. Bg6+ Ke7 10. O-O Qc7 11. Ne5 Nxe5 12. Bf4 Kd8 13. dxe5+ Bd7 14. c4
Kc8 15. Qf3 Ng8 16. Rad1 Ne7 17. Be4 c5 18. Rxd7 Kxd7 19. Rd1+ Ke8 20. Rd6 Kf7
21. Rxe6 Kg8 22. Rd6 g5 23. Qh3 Qc8 24. Rd7 Qe8 25. Be3 Rc8 26. Qe6+ Qf7 27.
Qg4 Qg7 28. Rxe7 Qxe7 29. Qxc8 b6 30. Qf5 Rh7 31. Qg6+ 1-0

[Event "3MCR_4D_2LA_2S"]
[Site "?"]
[Date "1999.??.??"]
[Round "2"]
[White "Jirkovsky, Tomas"]
[Black "Bezpalec, Vratislav"]
[Result "1-0"]
[WhiteElo "2045"]
[BlackElo "2140"]
[PlyCount "65"]
[EventDate "1999.??.??"]
[EventType "corr"]

1. e4 e6 2. d4 d5 3. Nd2 Nf6 4. e5 Nfd7 5. Bd3 c5 6. c3 Nc6 7. Ne2 cxd4 8. cxd4
Qb6 9. Nf3 f6 10. exf6 Bb4+ 11. Bd2 Nxf6 12. O-O O-O 13. Bf4 Qd8 14. Rc1 Bd6
15. g3 Nh5 16. Bxd6 Qxd6 17. Nc3 g6 18. Re1 Rf6 19. Ne5 Nd8 20. Be2 Ng7 21. Nb5
Qf8 22. Ng4 Bd7 23. Na3 Nf5 24. Nxf6+ Qxf6 25. Nc2 a6 26. Bg4 Nc6 27. Bxf5 gxf5
28. Qd2 Kf7 29. Qf4 Rc8 30. a3 h5 31. h4 Rg8 32. Qd6 Bc8 33. Nb4 1-0